000 00708nam a22002177a 4500
999 _c63665
_d63665
005 20240530110653.0
008 171216s2016 ua g 000 f ara d
017 _a2015/10765
_bمصر. دار الكتب
020 _a9789774279911
040 _aEG-CaGPL
_cEG-CaGPL
082 0 4 _221
_a813.03\
_bم أ
100 0 _aمكاوى سعيد
245 1 0 _aان تحبك جيهان :
_cرواية /
_bمكاوى سعيد .
250 _aط.3
260 _aالقاهرة :
_bالدار المصرية اللبنانية ،
_c2015 .
300 _a703 ص. ؛
_c22 سم.
650 0 7 _2qrmak
_aالقصص العربية
651 _2qrmak
942 _2ddc
_cBK